| 000 | 00587nam a2200157 i 4500 | ||
|---|---|---|---|
| 001 | 84100 | ||
| 003 | ES-MaACL | ||
| 005 | 20230906174938.0 | ||
| 007 | t| | ||
| 008 | 041119s1937 mx ||||1| spa d | ||
| 100 | 1 |
_aIzquierdo, José Joaquín. _965708 |
|
| 245 | 1 | 0 |
_aEn que ha contribuido la escuela médico-militar al desarrollo de la fisiología experimental en México _b: reflexiónes a propósito de la inaguración de su nuevo laboratorio / _cpor José José Izquierdo. |
| 260 |
_aMéxico : _b[s.n., _c1937] ( _fImp. La Nación) |
||
| 300 | _a62 p. | ||
| 852 |
_aES-MaACL _j1820-F-14 |
||
| 999 |
_c84100 _d84100 |
||